Top 5 Songs On Flowerboy (Tyler, The Creator) - Statistics

General Stats
  • This quiz has been taken 185 times
  • The average score is 4 of 5
Answer Stats
Hint Answer % Correct
771,739,232 See You Again(feat. Kali Uchis)
98%
287,928,440 911 / Mr. Lonely(feat. Frank Ocean & Steve Lacy)
88%
217,938,113 Who Dat Boy(feat. A$AP Rocky
80%
272,041,890 Boredom(feat. Rex Orange County & Anna of the North)
79%
167,144,183 Glitter
77%
No matching quizzes found
Score Distribution
Percent of People with Each Score
Percentile by Number Answered
Your Score History
You have not taken this quiz